LEADER 01023nam0-22003011--450- 001 990008818790403321 005 20090305151102.0 035 $a000881879 035 $aFED01000881879 035 $a(Aleph)000881879FED01 035 $a000881879 100 $a20090305d1938----km-y0itay50------ba 101 0 $aita 102 $aIT 105 $ay-------001yy 200 1 $aLimiti all'inammissibilitą del ricorso contro i provvedimenti non impugnabili in sede di legittimitą$fNino Pappalardo 210 $aCitta di Castello$cTip. Unione arti grafiche$d1938 215 $a26 p.$d18 cm 300 $aGia pubbl. in: Il Foro amministrativo, 14(1938), fasc. 1/2 676 $a342$v11 rid.$zita 700 1$aPappalardo,$bNino$0403717 801 0$aIT$bUNINA$gRICA$2UNIMARC 901 $aBK 912 $a990008818790403321 952 $aBUSTA 12 (10) 21$b33873$fFGBC 959 $aFGBC 996 $aLimiti all'inammissibilitą del ricorso contro i provvedimenti non impugnabili in sede di legittimitą$9807235 997 $aUNINA LEADER 02140oam 2200289z- 450 001 9910136125903321 005 20160126074904.0 010 $a0-86492-802-5 035 $a(CKB)3710000000914892 035 $a(EXLCZ)993710000000914892 100 $a20210505c2015uuuu -u- - 101 0 $aeng 200 10$aBack to the well $erethinking the future of water /$fMarq de Villiers 210 $cGoose Lane Editions 311 $a0-86492-075-X 330 $a"Water is a renewable resource, but what are its limits? Between drawing down our resources of fresh water at ever-increasing rates and continuing to pollute water that should have been cleaned up decades ago, are we entering upon a global crisis? Is water a human right? Who owns water? Who is responsible for keeping it clean and ensuring it gets to the people who need it most? Is privatization of ownership and supply networks an unmitigated evil? Marq de Villiers tackles these questions and more in Back to the Well, the refreshing follow-up to his Governor General's Award winning book, Water (1999). De Villiers's clear-eyed analysis assesses the state of water on Earth today and looks at the ways its use and abuse encompasses intersections between our daily personal water use, agriculture, energy policy, climate change, national security, and global conflicts. Back to the Well examines these issues and the ways they impact each other and how political ideologies and competing priorities often obscure underlying issues or make the best solutions unpalatable to vocal and influential, but ideologically blinkered, actors. De Villiers urges us to cut through the hype to see not a global crisis, but myriad local and regional problems that can be solved in different ways through local actions."--$cProvided by publisher. 517 $aBack to the Well 606 $aWater-supply 606 $aWater-supply$xForecasting 615 0$aWater-supply. 615 0$aWater-supply$xForecasting. 676 $a333.91 700 $aDe Villiers$b Marq$f1940-,$0280240 906 $aBOOK 912 $a9910136125903321 996 $aBack to the well$92891102 997 $aUNINA